Parenting Teenage Children/ (Record no. 211555)

MARC details
000 -LEADER
fixed length control field 00558nam a22001817a 4500
005 - DATE AND TIME OF LATEST TRANSACTION
control field 20250604112232.0
010 ## - LCCN (DPL NO)
LC control number ENG-145164
020 ## - INTERNATIONAL STANDARD BOOK NUMBER
International Standard Book Number 9788190611985
Terms of availability 185.00
035 ## - SYSTEM CONTROL NUMBER
System control number EN-128696
037 ## - SOURCE OF ACQUISITION
Source of stock number/acquisition DBAD
082 ## - DEWEY DECIMAL CLASSIFICATION NUMBER
Classification number 649.7
100 ## - MAIN ENTRY--PERSONAL NAME
Personal name Raju, C.S.
245 ## - TITLE STATEMENT
Title Parenting Teenage Children/
Statement of responsibility, etc by C.S. Raju
260 ## - PUBLICATION, DISTRIBUTION, ETC. (IMPRINT)
Place of publication, distribution, etc Chennai
Name of publisher, distributor, etc Sri Sai Publishers
Date of publication, distribution, etc 2012
270 ## - ADDRESS
Address Plot 116, Rajagopalan Street, Devi Karumari Amman Nagar, Valasaravakkam,
City Chennai
Postal code 600087
300 ## - PHYSICAL DESCRIPTION
Extent 200p.
Dimensions 22cm(pbk)
942 ## - ADDED ENTRY ELEMENTS (KOHA)
Source of classification or shelving scheme Dewey Decimal Classification
Item type English Books
Classification part 649.7
Call number suffix CSR
Holdings
Withdrawn status Lost status Not for loan Collection code Home library Current library Date acquired Source of acquisition Cost, normal purchase price Full call number Barcode Copy number Cost, replacement price Koha item type
      Non-fiction RC3 Shakur Pur RC3 Shakur Pur 04/06/2025 Delivery of Books Act Division 185.00 649.7 CSR EN-128696 1 185.00 English Books

© Delhi Public Library
Hit Counter
free hit counter